000 00395nam a2200133Ia 4500
008 220217s9999||||xx |||||||||||||| ||und||
020 _a81-7808-774-X
082 _a004.67 OBE
100 _aOberg, Robert, J
_92373
245 0 _aUnderstanding and programming COM+: a practical guide to win
260 _aPearson education asia
_bDelhi
_c2000
300 _b585
650 _aCOMPUTER NETWORK
999 _c170820
_d170820